Datum a čas kvízu
25
Celkem bodů
Celkový počet nahraných bodů na tomto kvízu bez doplňovacích otázek.
2.
Pořadí na kvízu
Konečné umístění týmu na tomto kvízu.
Zaznamenané odpovědi
| # | Otázka | Odpověď | Body | Výsledky |
|---|---|---|---|---|
| 1. | Do čtvrteční výstražné stávky... | 0 | ||
| 2. | Ve středu jmenoval německý pre... | 0 | ||
| 3. | Na zahájení letošního ročníku... | 1 | ||
| 4. | Už letos najdou zákazníci ve s... | 1 | ||
| 5. | Minulý týden vyvrcholil presti... | 0 | ||
| 6. | Stephen Hawking, jehož obdivuh... | 1 | ||
| 7. | V 70. letech se Hawking intele... | 0 | ||
| 8. | Hawking se během své vědecké d... | 0 | ||
| 9. | Jaký neobvyklý dopravní prostř... | 0 | ||
| 10. | V roce 2014 byl britským režis... | 0 |